000 00357nam a2200133Ia 4500
008 240624s9999 xx 000 0 und d
041 _aeng
082 _a338.927 MAT
100 _aMATSON PAMELA
245 _aPURSUING SUSTAINABILITY A GUIDE TO THE S
260 _c2016
_aNew Jersey
_bPrinceton University Press
300 _ax,231P. 23cm.
365 _c
_b33
999 _c32725
_d32725